[Event "1st Balagne GM"]
[Site "Calvi FRA"]
[Date "2012.04.06"]
[Round "8.1"]
[White "Arnold,Mar"]
[Black "Malakhatko,V"]
[Result "1/2-1/2"]
[WhiteElo "2502"]
[BlackElo "2532"]

1.c4 c6 2.Nf3 d5 3.e3 Nf6 4.d4 Bf5 5.Nc3 e6 6.Nh4 Bg6 7.Nxg6 hxg6 8.Be2 Nbd7
9.Bd2 Qc7 10.h3 Rd8 11.Qc2 a6 12.Rc1 Qb8 13.O-O Be7 14.c5 e5 15.f4 exd4 16.exd4 O-O
17.f5 gxf5 18.Rxf5 Rde8 19.Bf4 Qc8 20.Bg3 Bd8 21.Bd6 Be7 22.Bg3 Bd8 23.Bd6 Be7
24.Bg3 Bd8  1/2-1/2

[Event "16th Neckar Open"]
[Site "Deizisau GER"]
[Date "2012.04.06"]
[Round "2.19"]
[White "Swinkels,R"]
[Black "Duport,N SUI"]
[Result "1-0"]
[WhiteElo "2494"]
[BlackElo "2197"]

1.c4 c6 2.Nf3 d5 3.d4 Nf6 4.e3 Bf5 5.Nc3 a6 6.Qb3 b5 7.c5 a5 8.Ne5 a4 9.Qd1 g6
10.g4 Be6 11.Bg2 h5 12.h3 Qc8 13.f3 Bg7 14.a3 Qc7 15.Qe2 Nfd7 16.Nd3 hxg4
17.hxg4 Qg3+ 18.Qf2 Rxh1+ 19.Bxh1 Qxf2+ 20.Kxf2 f6 21.Nb4 Bf7 22.f4 e5 23.f5 Kd8
24.Bf3 gxf5 25.gxf5 Kc7 26.Bd2 Na6 27.Rg1 Bh6 28.Nxa6+ Rxa6 29.Rh1 Bg5 30.Rh7 Bg8
31.Rg7 exd4 32.Ne2 dxe3+ 33.Bxe3 Bxe3+ 34.Kxe3 Ra8 35.Nd4 Re8+ 36.Kf4 Re1
37.Kg3 Rf1 38.Bg2 Re1 39.Bf3 Rg1+ 40.Bg2 Re1 41.Kf2 Re5 42.Bf3 Re8 43.Kg3 Re1
44.Ne6+ Rxe6 45.fxe6 Bxe6 46.Re7 Bf5 47.Kf4 Kd8 48.Re3 Be4 49.Bxe4 dxe4 50.Rc3 Ke7
51.Kxe4 Ke6 52.Kd4 Ne5 53.b3 axb3 54.Rxb3 Kf5 55.Rh3 Ke6 56.Ke4 Nc4 57.Kd4 Ne5
58.Rh8 Nf3+ 59.Ke3 Ne5 60.Ke4 Nc4 61.Re8+ Kd7 62.Ra8 Ke6 63.Kd4 Ne5 64.Rd8 Kf5
65.Rd6 Nf3+ 66.Ke3 Ne5 67.Kd4 Nf3+ 68.Kd3 Ne5+ 69.Kc3 Kg5 70.Kd4 Kf5 71.Rd8 Ke6
72.Ke4 Nc4 73.Rd3 Ne5 74.Rd4 Ke7 75.Kf5 Nc4  1-0

[Event "16th Neckar Open"]
[Site "Deizisau GER"]
[Date "2012.04.06"]
[Round "3.17"]
[White "Le Quang,K"]
[Black "Swinkels,R"]
[Result "1/2-1/2"]
[WhiteElo "2311"]
[BlackElo "2494"]

1.c4 c6 2.Nf3 d5 3.g3 g6 4.Bg2 Bg7 5.Qa4 Nf6 6.cxd5 Nxd5 7.Nc3 O-O 8.O-O e5
9.d3 h6 10.Bd2 Na6 11.Rfc1 Be6 12.Rab1 f5 13.b4 Nac7 14.b5 cxb5 15.Nxb5 Bd7
16.Qb3 Bxb5 17.Rxc7 Bc6 18.Rxg7+ Kxg7 19.Nxe5  1/2-1/2

[Event "VI New Open Lugano"]
[Site "Lugano SUI"]
[Date "2012.04.07"]
[Round "2.4"]
[White "Sipos,I"]
[Black "Salvetti,A"]
[Result "1/2-1/2"]
[WhiteElo "2447"]
[BlackElo "2210"]

1.c4 c6 2.d4 d5 3.Nc3 Nf6 4.cxd5 cxd5 5.Bf4 Nc6 6.e3 a6 7.Rc1 Bf5 8.Nf3 e6
9.Qb3 Ra7 10.Be2 Be7 11.O-O Nd7 12.h3 O-O 13.Na4 Qa5 14.a3 Rc8 15.Ne5 Ndxe5
16.Bxe5 b5 17.Nc5 Qd8 18.Bg3 Na5 19.Qc3 Nc4 20.b3 Bf6 21.Nd3 Nd6 22.Qb2 Bxd3
23.Rxc8 Qxc8 24.Bxd3 Be7 25.Rc1 Rc7 26.Rxc7 Qxc7 27.a4 bxa4 28.bxa4 a5 29.Kf1 g6
30.Qc2 Qb7 31.Ke2 Ne4 32.Bc7 Qb4 33.Bxe4 dxe4 34.Kf1 f5 35.Be5 Kf7 36.Kg1 Bd6
37.Qc8 Bxe5 38.dxe5 Qxa4 39.Qh8 Qe8 40.Qxh7+ Kf8  1/2-1/2

[Event "Campomanes Mem GM Open"]
[Site "Bandar Seri Begawan BRU"]
[Date "2012.04.08"]
[Round "2.5"]
[White "Dimakiling,O"]
[Black "Yeoh,L"]
[Result "1-0"]
[WhiteElo "2447"]
[BlackElo "2204"]

1.c4 c6 2.Nc3 d5 3.cxd5 cxd5 4.d4 Nf6 5.Bf4 Nc6 6.e3 a6 7.Bd3 e6 8.Nge2 Bd6
9.O-O O-O 10.Rc1 Bxf4 11.Nxf4 Qd6 12.Bb1 Na5 13.Qe2 Bd7 14.Nd3 Ne4 15.Nc5 Nxc5
16.dxc5 Qxc5 17.Bxh7+ Kxh7 18.Qh5+ Kg8 19.Ne4 Qxc1 20.Rxc1 dxe4 21.Qxa5 Rac8
22.Rd1 Bb5 23.h4 Bd3 24.Qb6 Rc2 25.Qxb7 Rfc8 26.Qd7 R8c5 27.b4 Rf5 28.f4 Rf6
29.Rxd3 exd3 30.Qd8+  1-0

[Event "Semana Santa LAB Open"]
[Site "Bogota COL"]
[Date "2012.04.08"]
[Round "9"]
[White "Diaz,Ja"]
[Black "Dabraccio,Guillermo"]
[Result "1-0"]
[WhiteElo "2227"]
[BlackElo "1745"]

1.c4 c6 2.d4 d5 3.Nf3 Nf6 4.Nc3 Nbd7 5.cxd5 cxd5 6.Bf4 Nh5 7.Bg5 Nhf6 8.Rc1 e6
9.Qa4 Be7 10.e3 O-O 11.Bd3 a6 12.O-O Nb6 13.Qb3 Bd7 14.Rc2 Ra7 15.Ne5 Na8
16.Nxd7 Nxd7 17.Bxe7 Qxe7 18.Na4 b5 19.Nc5 Nab6 20.Qb4 Nxc5 21.dxc5 Nd7 22.Qd4 Nf6
23.f4 Qc7 24.b4 Qc6 25.h3 a5 26.a4 axb4 27.axb5 Qa8 28.Qxb4 Ra4 29.Qd2 d4
30.exd4 Rxd4 31.Bxh7+  1-0

[Event "O2C Doeberl Cup Premier 2012"]
[Site "Canberra AUS"]
[Date "2012.04.08"]
[Round "8.6"]
[White "Johansen,D"]
[Black "Cheng,Bo"]
[Result "1/2-1/2"]
[WhiteElo "2444"]
[BlackElo "2344"]

1.c4 c6 2.Nc3 d5 3.cxd5 cxd5 4.d4 Nf6 5.Nf3 Nc6 6.Bf4 Bf5 7.e3 e6 8.Ne5 Nxe5
9.Bxe5 Nd7 10.Qb3 Nxe5 11.dxe5 Be7 12.Bb5+ Kf8 13.O-O a6 14.Be2 b5 15.Bf3 Qc7
16.e4 dxe4 17.Nxe4 Qxe5 18.Ng3 Rb8 19.Rfe1 Qf4 20.Rac1 Bf6 21.Qa3+ b4 22.Qxa6 g6
23.Rc4 Qd2 24.Rd1 Qxb2 25.Nxf5 exf5 26.Rc7 Kg7 27.Bd5 Rhf8 28.Qe6 Bd4 29.Rxf7+ Rxf7
30.Qxf7+ Kh6 31.Rf1 Rc8 32.g3 Rc1  1/2-1/2

[Event "16th Neckar Open"]
[Site "Deizisau GER"]
[Date "2012.04.08"]
[Round "7.4"]
[White "Bischoff,K"]
[Black "Erdos,V"]
[Result "1/2-1/2"]
[WhiteElo "2521"]
[BlackElo "2631"]

1.c4 c6 2.Nf3 d5 3.e3 Nf6 4.Nc3 g6 5.d4 Bg7 6.Be2 O-O 7.O-O Be6 8.cxd5 cxd5
9.Qb3 Qb6 10.Qxb6 axb6 11.b3 Rc8 12.Na4 Nbd7 13.Ba3 Bf8 14.h3 Rc2 15.Bd3 Rxa4
16.bxa4 Rc3 17.Bb4 Rxd3 18.Rfc1 Bf5 19.Rc8 Kg7 20.Rac1 e5 21.Rxf8 Nxf8 22.Nxe5 Ne6
23.Nxd3 Bxd3 24.Rc8 g5 25.f3  1/2-1/2

[Event "VI New Open Lugano"]
[Site "Lugano SUI"]
[Date "2012.04.08"]
[Round "4.4"]
[White "Salvetti,A"]
[Black "Hajnal,Z"]
[Result "1/2-1/2"]
[WhiteElo "2210"]
[BlackElo "2405"]

1.c4 c6 2.Nf3 d5 3.e3 Nf6 4.d4 Bf5 5.Nc3 e6 6.Bd3 Bxd3 7.Qxd3 Bb4 8.O-O Nbd7
9.a3 Qa5 10.Bd2 Bxc3 11.Bxc3 Qa6 12.Nd2 O-O 13.Rfe1 Rfd8 14.b4 Nb6 15.b5 dxc4
16.bxa6 cxd3 17.axb7 Rab8 18.Rab1 Rxb7 19.Rb3 Nfd7 20.Ba5 c5 21.Rxd3 Ne5
22.Rc3 cxd4 23.exd4 Ng6 24.Bxb6 Rxb6 25.Nf3 h6 26.g3 Ra6 27.Rb1 Ne7 28.Rb7 Nd5
29.Rd3 f6 30.h4 h5 31.Nd2 Nb6 32.Ne4 Ra5 33.Nc5 Rxc5 34.dxc5 Rxd3 35.cxb6 axb6
36.Rxb6 Rxa3 37.Rxe6  1/2-1/2

[Event "16th Neckar Open"]
[Site "Deizisau GER"]
[Date "2012.04.09"]
[Round "9.16"]
[White "Thinius,M"]
[Black "Swinkels,R"]
[Result "1-0"]
[WhiteElo "2363"]
[BlackElo "2494"]

1.c4 c6 2.Nf3 d5 3.g3 g6 4.Bg2 Bg7 5.O-O e5 6.Qa4 Ne7 7.cxd5 Nxd5 8.Nc3 O-O
9.Rd1 b5 10.Qc2 Bf5 11.e4 Nxc3 12.bxc3 Bg4 13.d4 Nd7 14.h3 Bxf3 15.Bxf3 exd4
16.cxd4 c5 17.Rb1 cxd4 18.Rxb5 Rb8 19.Rd5 Qe7 20.Qc7 Rfd8 21.Bg5 f6 22.Bf4 Rbc8
23.Qxa7 Qe8 24.R5xd4 Ne5 25.Bxe5 fxe5 26.Rd7 Rxd7 27.Rxd7 Qf8 28.Bd1 Kh8
29.Rf7 Qd8 30.Bb3 Ra8 31.Qb7 Rb8 32.Rd7 Qf8 33.Qd5 Qe8 34.Kg2 Bf6 35.Qd6 Bg7
36.h4 Qf8 37.Qd5 Qe8 38.Qf7 Qxf7 39.Bxf7 Bf8 40.Bb3 Ba3 41.f4 exf4 42.gxf4 Rf8
43.Kf3 Bc1 44.Rf7 Rxf7 45.Bxf7 Kg7 46.Bc4 Ba3 47.e5 Kf8 48.Ke4 Ke7 49.Bg8 Kf8
50.Bxh7 Kg7 51.Bxg6 Kxg6 52.f5+ Kg7 53.h5 Kf7 54.Kd5 Kg7 55.Ke6 Bb2 56.a4 Bc3
57.f6+ Kh6 58.Kf5  1-0

[Event "VI New Open Lugano"]
[Site "Lugano SUI"]
[Date "2012.04.09"]
[Round "6.4"]
[White "Sipos,I"]
[Black "Botta,Ga"]
[Result "1-0"]
[WhiteElo "2447"]
[BlackElo "2374"]

1.c4 c6 2.e4 d5 3.exd5 cxd5 4.cxd5 Qxd5 5.Nc3 Qd8 6.d4 e6 7.Nf3 Nf6 8.Bd3 Be7
9.O-O O-O 10.Re1 Nc6 11.a3 b6 12.Bc2 Ba6 13.Bg5 Rc8 14.Qd2 Na5 15.Ne5 Nc4
16.Qd3 Nxb2 17.Qh3 g6 18.d5 Nxd5 19.Bxe7 Nxe7 20.Ne4 Nd5 21.Bb3 Bc4 22.Rac1 b5
23.Qh6 Qe7 24.Ng5 f6 25.Nxg6 hxg6 26.Nxe6 Qh7 27.Qd2 Bxb3 28.Nxf8 Rxf8 29.Qxb2 Bc4
30.Qd4 Qf7 31.h4 Re8 32.Rxe8+ Qxe8 33.Rxc4 bxc4 34.Qxd5+ Kh8 35.Qxc4 Qe1+
36.Qf1 Qc3 37.a4 Qb4 38.Qa6 Qe1+ 39.Qf1 Qb4 40.Qd1 a5 41.g3 Kg7 42.Qd7+ Kh6
43.Qc6 f5 44.Kg2 Qd2 45.Qc5 Qd8 46.Qe5 Kh7 47.h5 Qb6 48.Qe8 g5 49.Qf7+ Kh6
50.Qxf5 Qc6+ 51.f3  1-0

[Event "Paskturneringen Open"]
[Site "Norrkoping SWE"]
[Date "2012.04.09"]
[Round "8"]
[White "Miezis,N"]
[Black "Akesson,R"]
[Result "1-0"]
[WhiteElo "2557"]
[BlackElo "2415"]

1.c4 c6 2.e4 d5 3.exd5 cxd5 4.cxd5 Nf6 5.Nc3 Nxd5 6.Nf3 Nxc3 7.bxc3 g6 8.h4 Bg7
9.h5 Qc7 10.Be2 Nc6 11.d4 Bf5 12.Bg5 h6 13.Be3 g5 14.Rc1 Rd8 15.O-O O-O 16.d5 Ne5
17.Nd4 Rxd5 18.Qb3 Be6 19.Nxe6 fxe6 20.Rfd1 Rfd8 21.Bxa7 b5 22.Bd4 Qd7 23.Rb1 Qe8
24.Bb6 R8d7 25.Rxd5 Rxd5 26.Rd1 Rxd1+ 27.Qxd1 Qc6 28.Bd4 Nc4 29.Bxg7 Kxg7
30.a4 Nd6 31.Qd4+ Kf7 32.axb5 Nxb5 33.Qa4  1-0

[Event "2nd Women Masters"]
[Site "Jiangsu Wuxi CHN"]
[Date "2012.04.13"]
[Round "4"]
[White "Huang Qian"]
[Black "Muzychuk,M"]
[Result "1/2-1/2"]
[WhiteElo "2399"]
[BlackElo "2490"]

1.c4 c6 2.Nf3 d5 3.e3 Nf6 4.b3 e6 5.Bb2 Nbd7 6.Qc2 Bd6 7.d4 Qe7 8.Nc3 O-O
9.Be2 b6 10.O-O Bb7 11.Rad1 Rad8 12.Rfe1 Rfe8 13.Bf1 Bb4 14.a3 Bxc3 15.Qxc3 Ne4
16.Qc2 a5 17.Ne5 Nxe5 18.dxe5 f5 19.exf6 Nxf6 20.Bd4 c5 21.Be5 Bc6 22.a4 Rd7
23.f3 Red8 24.Bd3 Qf7 25.Bg3 Qh5 26.Be2 Qf5 27.Qc3 Qh5 28.Rd2 Ne8 29.Red1 Nd6
30.Qe5 Qxe5 31.Bxe5 Nf5 32.Kf2 d4 33.exd4 Nxd4 34.Bxd4 Rxd4 35.Rxd4 Rxd4
36.Ke3 e5 37.Rh1 g5 38.Bd3 Kg7 39.Be4 Bxe4 40.fxe4 Rd8 41.Rf1 h6 42.h3 Rd7
43.g3 Rd6 44.Ke2  1/2-1/2

[Event "Karposh Open 2012"]
[Site "Skopje MKD"]
[Date "2012.04.13"]
[Round "8.9"]
[White "Chatalbashev,B"]
[Black "Nikolova,A"]
[Result "1-0"]
[WhiteElo "2570"]
[BlackElo "2293"]

1.c4 c6 2.Nf3 d5 3.e3 Nf6 4.Nc3 Bg4 5.Qb3 Qb6 6.Ne5 Be6 7.Na4 Qxb3 8.axb3 Nbd7
9.Nxd7 Nxd7 10.f4 g6 11.d4 Bg7 12.Be2 O-O 13.g4 b5 14.cxb5 cxb5 15.Bxb5 Bxg4
16.Bc6 Rad8 17.Nc3 Nf6 18.Rxa7 Rc8 19.Ra6 Rfd8 20.b4 h6 21.Bd2 g5 22.fxg5 hxg5
23.Rg1 e6 24.b5 Kh7 25.Na4 Bf5 26.Nc5 Ne4 27.Nxe4 Bxe4 28.Bb4 Bf6 29.Ra7 Kg6
30.h4 Rh8 31.hxg5 Bxg5 32.Bd6 f6 33.Rc7 Rb8 34.Re7 Rbc8 35.Rxe6 Rh3 36.Kd2 Kh5
37.Bg3 Kg4 38.b6 Kf3 39.b7 Bxe3+ 40.Kc3 Rxc6+ 41.Rxc6 Bxg1 42.Bd6 Ke2+ 43.Kb4 Bxd4
44.b8=Q Bxb2 45.Qb5+ Ke1 46.Ka4 Bc3 47.Rxc3 Rxc3 48.Bb4 d4 49.Qc5 Ke2 50.Bxc3 dxc3
51.Qxc3 f5 52.Kb4 f4 53.Qd4  1-0

[Event "Schachbundesliga 2011-12"]
[Site "Baden Baden GER"]
[Date "2012.04.15"]
[Round "15"]
[White "Erdos,V"]
[Black "Braun,A"]
[Result "1/2-1/2"]
[WhiteElo "2608"]
[BlackElo "2560"]

1.c4 c6 2.g3 d5 3.Nf3 Nf6 4.Bg2 Bf5 5.cxd5 cxd5 6.Qb3 Qb6 7.Nc3 Qxb3 8.axb3 Nc6
9.d3 e5 10.O-O Bb4 11.Bd2 O-O 12.Rfc1 h6 13.Na4 Bd6 14.Nc5 Bc8 15.Be1 Re8
16.Nd2 Nd4 17.Bf1 b6 18.Na4 Bg4 19.f3 Bd7 20.Nc3 Ne6 21.e4 d4 22.Na2 b5 23.b4 Rec8
24.Nb3 Kf8 25.Nc5 Ke7 26.Nxd7 Nxd7 27.Be2 Nb6 28.Bd1 Rxc1 29.Nxc1 Nd8 30.Nb3 Na4
31.Rb1 Rc8 32.Kf1 Nc6 33.Na5 Nxb4 34.Bxa4 bxa4 35.Bxb4 Bxb4 36.Nc4 Bd6 37.Ra1 a3  1/2-1/2

[Event "Schachbundesliga 2011-12"]
[Site "Dortmund GER"]
[Date "2012.04.15"]
[Round "15"]
[White "Abel,D"]
[Black "Bluebaum,M"]
[Result "0-1"]
[WhiteElo "2427"]
[BlackElo "2388"]

1.c4 c6 2.Nf3 Nf6 3.g3 d5 4.Bg2 dxc4 5.O-O Nbd7 6.Qc2 Nb6 7.a4 a5 8.Na3 g6
9.Nxc4 Nxc4 10.Qxc4 Bg7 11.d4 Be6 12.Qd3 Bd5 13.Bf4 Be4 14.Qb3 Nd5 15.Be5 f6
16.Bf4 Nxf4 17.gxf4 Qd7 18.Rfe1 Bd5 19.Qd3 Bh6 20.e4 Be6 21.f5 gxf5 22.d5 fxe4
23.Qxe4 Bxd5 24.Qh4 Rg8 25.Qxf6 Rxg2+ 26.Kxg2 Qg4+ 27.Kf1 Bc4+  0-1

[Event "TCh-SUI National A 2012"]
[Site "Switzerland SUI"]
[Date "2012.04.15"]
[Round "2.1"]
[White "Milov,V"]
[Black "Bindrich,F"]
[Result "1-0"]
[WhiteElo "2653"]
[BlackElo "2542"]

1.c4 c6 2.e4 d5 3.exd5 cxd5 4.cxd5 Nf6 5.Nc3 Nxd5 6.Nf3 Nxc3 7.bxc3 g6 8.d4 Bg7
9.Be3 O-O 10.Be2 Qa5 11.Qd2 b6 12.O-O Ba6 13.Bxa6 Qxa6 14.Bh6 Nd7 15.Rfe1 Rfe8
16.Bxg7 Kxg7 17.h4 Nf6 18.Ne5 Rad8 19.Re3 Qc8 20.Rf3 Rf8 21.Re1 Rd6 22.Rh3 Nh5
23.a4 Re8 24.Re4 Qb7 25.Ree3 Rf6 26.Rhf3 Rxf3 27.Rxf3 Rf8 28.d5 Qc7 29.Nc6 e5
30.c4 Re8 31.a5 e4 32.Re3 f5 33.Ra3 f4 34.axb6 Qxb6 35.Rxa7+ Kh6 36.g4 g5
37.gxh5 e3 38.Qd4 Qb1+ 39.Kh2 Kxh5 40.Ra1 Qc2 41.Rf1 Kxh4 42.Qf6 h5 43.Nd4  1-0

[Event "World Amateur Championship"]
[Site "Neos Marmaras GRE"]
[Date "2012.04.16"]
[Round "1"]
[White "Stamidis,Daniil"]
[Black "Pertaia,E"]
[Result "0-1"]
[WhiteElo "1667"]
[BlackElo "1954"]

1.c4 c6 2.Nf3 d5 3.cxd5 cxd5 4.d4 Nc6 5.Nc3 Nf6 6.e3 e6 7.Bd3 Bd6 8.O-O O-O
9.a3 e5 10.dxe5 Nxe5 11.Nxe5 Bxe5 12.Ne2 Qc7 13.Ng3 g6 14.Qc2 Qb6 15.e4 Be6
16.exd5 Bxd5 17.Ne4 Rac8 18.Nxf6+ Qxf6 19.Qe2 Rfe8 20.Qg4 h5 21.Qg5 Qxg5
22.Bxg5 Bxb2 23.Rab1 Bxa3 24.Rb5 Rc5 25.Be3 Rxb5 26.Bxb5 Re5 27.Bxa7 Bxg2
28.Kxg2 Rxb5 29.Ra1 Bc5 30.Bb8 Bd4 31.Ra8 Kg7 32.Bd6 Rg5+ 33.Kf1 Rf5 34.Bg3 Be5
35.Ra7 Bxg3 36.hxg3 Rb5 37.Ke2 Rb2+ 38.Ke3 b5 39.Rb7 b4 40.Rb6 b3 41.Kf3 g5
42.Rb5 Kg6 43.Rb6+ f6 44.Rb5 Rb1 45.Rb8 b2 46.Ke2 h4 47.gxh4 gxh4 48.Kf3 h3  0-1

[Event "IV ch-IberoAmerican GpD"]
[Site "Quito ECU"]
[Date "2012.04.16"]
[Round "4.2"]
[White "Matamoros Franco,C"]
[Black "Gonzalez,Be CRC"]
[Result "1/2-1/2"]
[WhiteElo "2548"]
[BlackElo "2427"]

1.c4 c6 2.Nf3 d5 3.g3 Nf6 4.Bg2 dxc4 5.O-O Nbd7 6.Qc2 Nb6 7.Na3 Qd5 8.b3 cxb3
9.axb3 g6 10.Nc4 Qd8 11.e4 Bg7 12.Bb2 O-O 13.d4 Nfd7 14.Rfd1 Nxc4 15.bxc4 Qc7
16.Rac1 e5 17.d5 b6 18.Qb1 Re8 19.Qa1 f6 20.Ba3 c5 21.Bb2 Bf8 22.Ne1 Bd6
23.Nd3 a6 24.Rf1 b5 25.f4 Nb6 26.fxe5 fxe5 27.Rf6 Nxc4 28.Rxd6 Qxd6 29.Rxc4 bxc4
30.Nxe5 c3  1/2-1/2

[Event "14th Dubai Open 2012"]
[Site "Dubai UAE"]
[Date "2012.04.18"]
[Round "4.23"]
[White "Miezis,N"]
[Black "Mirzoeva,E"]
[Result "1-0"]
[WhiteElo "2557"]
[BlackElo "2258"]

1.c4 c6 2.e4 d5 3.cxd5 cxd5 4.exd5 Nf6 5.Nc3 Nxd5 6.Nf3 Nc6 7.Bb5 g6 8.Qa4 Nb6
9.Qf4 Bg7 10.Ne5 O-O 11.Nxc6 bxc6 12.Bxc6 e5 13.Qf3 Rb8 14.O-O Ba6 15.Rd1 f5
16.d3 Qd6 17.Nb5 Qe7 18.d4 Bxb5 19.Bxb5 exd4 20.a4 Kh8 21.Bd2 Nd7 22.Re1 Qf7
23.Bf4 Rbe8 24.Rxe8 Qxe8 25.Bd6 Rf6 26.Bxd7 Qxd7 27.Qa8+ Bf8 28.Bxf8 Qe6
29.Be7+  1-0

[Event "ch-ISL 2012"]
[Site "Kopavogur ISL"]
[Date "2012.04.18"]
[Round "6"]
[White "Gislason,G"]
[Black "Bjornsson,Si"]
[Result "0-1"]
[WhiteElo "2346"]
[BlackElo "2393"]

1.c4 c6 2.g3 d5 3.Bg2 Nf6 4.Nf3 Bg4 5.Ne5 Be6 6.d4 dxc4 7.e4 Nbd7 8.f4 g6
9.O-O Bg7 10.Nc3 O-O 11.Kh1 Nxe5 12.fxe5 Nd7 13.Be3 f6 14.d5 cxd5 15.exd5 Bf5
16.e6 Ne5 17.Bc5 Bd3 18.Re1 f5 19.Qd2 Qc7 20.Ba3 Ng4 21.d6 Bxc3 22.bxc3 exd6
23.h3 Nf6 24.e7 Rfe8 25.Re6 Ne4 26.Bxe4 Bxe4+ 27.Rxe4 Qc6 28.Kh2 Qxe4 29.Qxd6 Rac8
30.Rg1 Kf7 31.Qd7 a6 32.Rg2 b5 33.h4 Rc6 34.Qd2 Rxe7 35.Bxe7 Qxe7 36.Re2 Re6
37.Qd5 Qd6 38.Qb7+ Qe7 39.Qd5 h5 40.a4 Qd6 41.Qb7+ Qe7  0-1

[Event "TCh-AUT 1st Bundesliga 2012"]
[Site "Jenbach AUT"]
[Date "2012.04.19"]
[Round "8.3"]
[White "Schlosser,P"]
[Black "Ribli,Z"]
[Result "1/2-1/2"]
[WhiteElo "2591"]
[BlackElo "2588"]

1.c4 c6 2.Nf3 Nf6 3.d4 d5 4.e3 Bg4 5.Nc3 e6 6.h3 Bh5 7.g4 Bg6 8.Ne5 Nbd7
9.Nxg6 hxg6 10.a3 g5 11.Bd2 Be7 12.Bd3 a6 13.cxd5 cxd5 14.Kf1 g6 15.Kg2 Kf8
16.Rc1 Kg7 17.Ne2 Rc8 18.Rxc8 Qxc8 19.f3 Qb8 20.a4 Rc8 21.Qb3 Rc6 22.Rc1 Qc7
23.Rxc6 Qxc6 24.Qc2 Nb8  1/2-1/2

[Event "TCh-CZE Extraliga 2011-12"]
[Site "Czech Republic CZE"]
[Date "2012.04.21"]
[Round "10.4"]
[White "Talla,V"]
[Black "Neuman,P"]
[Result "1/2-1/2"]
[WhiteElo "2399"]
[BlackElo "2463"]

1.c4 c6 2.d4 d5 3.Nf3 Nf6 4.cxd5 cxd5 5.Nc3 Nc6 6.Bf4 a6 7.e3 Bg4 8.Be2 e6
9.h3 Bxf3 10.Bxf3 Bd6 11.Bxd6 Qxd6 12.O-O O-O 13.Rc1  1/2-1/2

[Event "14th Dubai Open 2012"]
[Site "Dubai UAE"]
[Date "2012.04.21"]
[Round "6.5"]
[White "Petrosian,TL"]
[Black "Hovhannisyan,R"]
[Result "1/2-1/2"]
[WhiteElo "2643"]
[BlackElo "2600"]

1.c4 c6 2.g3 d5 3.Bg2 e5 4.cxd5 cxd5 5.d4 e4 6.Nh3 Bb4+ 7.Nc3 Nf6 8.O-O O-O
9.Qb3 Bxc3 10.bxc3 h6 11.f3 exf3 12.exf3 Nc6 13.g4 Na5 14.Qc2 Re8 15.g5 hxg5
16.Bxg5 Qd6 17.Rae1 Bxh3 18.Bxh3 Nh7 19.Bc1 Nc4 20.Qf5 Nf8 21.Kh1 Ng6 22.Qg5 Qc6
23.Bf5 Nf8 24.Bd3 Rxe1 25.Rxe1 Re8 26.Rg1 g6 27.h4 Qd7 28.Kh2 Ne6 29.Qg4 Qd6+
30.Kh1 Nf8 31.h5 Qf6 32.Bg5 Qe6 33.hxg6 fxg6 34.Qh4 Qf7 35.Bf6 Qh7 36.Qxh7+ Kxh7
37.Rg5 Re3 38.Bxc4 dxc4 39.Rc5 Rxf3 40.Rc7+ Kg8 41.Rg7+ Kh8 42.Be5 Rxc3 43.Rxb7+ Kg8
44.Rg7+ Kh8 45.Rxa7+ Kg8 46.Rg7+ Kh8 47.a4 Rc1+ 48.Kg2 c3 49.Rf7+ Kg8 50.Rg7+ Kh8
51.Rxg6+ Kh7 52.Rg7+ Kh6 53.Rc7 Ng6 54.Bg7+ Kg5 55.Kf3 Kf5 56.Rc5+ Ke6 57.Bh6 Ra1
58.Ke4 Rxa4 59.Rc6+ Kf7 60.Rc7+ Ke6 61.Rc6+ Kf7 62.Rxc3 Ne7 63.Bg5 Ra5 64.Rf3+ Ke8
65.Bf4 Rh5 66.Bg3 Kd7 67.Ra3 Nc8 68.Ra6 Ne7 69.Ra3 Ke6 70.Ra7 Nd5 71.Ra6+ Kf7
72.Be5 Nc3+ 73.Kd3 Nb5 74.Kc4 Nxd4 75.Kxd4 Rh1 76.Kd5 Rd1+ 77.Bd4 Ke7 78.Ra7+ Kd8
79.Rh7 Rd2 80.Ke5 Kc8 81.Bb6 Rd7 82.Rh1 Rd2 83.Rc1+ Kb7 84.Bd4 Rh2 85.Kd5 Rh5+
86.Be5 Kb6 87.Re1 Kb5 88.Re4 Rg5 89.Rh4 Rf5 90.Kd6 Rg5 91.Bf6 Rc5 92.Rh1 Rc6+
93.Ke5 Rc5+ 94.Ke4 Rc2 95.Bd4 Rg2 96.Be3 Kc6 97.Rh6+ Kd7 98.Kd5 Ke7 99.Rh7+ Kf6
100.Bd4+ Kf5 101.Rf7+ Kg4 102.Ke4 Kh5 103.Rh7+ Kg4 104.Be3 Kg3 105.Rf7 Kh3
106.Bf2 Rg4+ 107.Kf3 Rg3+ 108.Ke2 Rg6 109.Rf4 Kg2 110.Ra4 Re6+ 111.Be3 Kg3
112.Ra5 Rg6 113.Rf5 Kg4 114.Rf1 Ra6 115.Rg1+  1/2-1/2

[Event "14th Dubai Open 2012"]
[Site "Dubai UAE"]
[Date "2012.04.21"]
[Round "6.3"]
[White "Iordachescu,V"]
[Black "Baklan,V"]
[Result "1/2-1/2"]
[WhiteElo "2644"]
[BlackElo "2612"]

1.c4 c6 2.d4 d5 3.Nc3 Nf6 4.cxd5 cxd5 5.Bf4 Nc6 6.e3 Bf5 7.Bd3 Bxd3 8.Qxd3 e6
9.Nf3 Bd6 10.Bxd6 Qxd6 11.O-O O-O 12.Rac1 Rfc8 13.Ne2 Ne7 14.Rxc8+ Rxc8 15.Rc1 Rxc1+
16.Nxc1 Ne4 17.Qc2 Qc6 18.Qxc6 Nxc6 19.Nd3 f6 20.Kf1 Kf7 21.Ke2 Ke7 22.Nd2 Nxd2
23.Kxd2 Kd6 24.Kc3 b6 25.Nb4 Nxb4 26.Kxb4 Kc6 27.a4 a5+ 28.Kc3 Kd6 29.b4 Kd7
30.bxa5 bxa5  1/2-1/2

[Event "14th Dubai Open 2012"]
[Site "Dubai UAE"]
[Date "2012.04.21"]
[Round "7.4"]
[White "Miezis,N"]
[Black "Iordachescu,V"]
[Result "1-0"]
[WhiteElo "2557"]
[BlackElo "2644"]

1.c4 c6 2.e4 d5 3.exd5 cxd5 4.cxd5 Nf6 5.Bb5+ Nbd7 6.Nc3 a6 7.Qa4 Rb8 8.Bxd7+ Bxd7
9.Qb3 b5 10.Nf3 b4 11.Nd1 e6 12.Ne3 exd5 13.O-O Bd6 14.d4 O-O 15.Ne5 Rb5
16.Qd3 Re8 17.Nxd7 Qxd7 18.g3 g6 19.Kg2 h5 20.Bd2 h4 21.Rae1 Kg7 22.f3 Ra5
23.a3 Rb5 24.axb4 Bxb4 25.Nd1 Reb8 26.Bf4 Bxe1 27.Bxb8 Rxb8 28.Rxe1 Qa4 29.Re7 Rb6
30.Qd2 Qb4 31.Re2 Qd6 32.Qg5 hxg3 33.hxg3 Qd7 34.Nf2 Qb5 35.Re1 Qc6 36.Qd2 Rb3
37.g4 Qb6 38.Re2 Rb4 39.Nd3 Rxd4 40.Qe3 Nd7 41.b3 a5 42.g5 a4 43.Ne5 Rb4
44.Nxd7 Qxe3 45.Rxe3 axb3 46.Re8  1-0

[Event "ch-LTU 2012"]
[Site "Vilnius LTU"]
[Date "2012.04.21"]
[Round "1"]
[White "Beinoras,M"]
[Black "Dambrauskas,V"]
[Result "1/2-1/2"]
[WhiteElo "2353"]
[BlackElo "2307"]

1.c4 c6 2.d4 d5 3.Nc3 Nf6 4.e3 Bf5 5.cxd5 cxd5 6.Qb3 Bc8 7.Bb5+ Nc6 8.Nf3 e6
9.Ne5 Bd7 10.Nxd7 Qxd7 11.O-O Bd6 12.Bd2 O-O 13.Rfc1 Rfc8 14.Na4 Qe7 15.Rc2 Rc7
16.Bxc6 Rxc6 17.Rxc6 bxc6 18.Rc1 Rc8 19.f3 e5  1/2-1/2

[Event "14th Dubai Open 2012"]
[Site "Dubai UAE"]
[Date "2012.04.22"]
[Round "8.24"]
[White "Shyam,SM"]
[Black "Ankit,R"]
[Result "1-0"]
[WhiteElo "2474"]
[BlackElo "2399"]

1.c4 c6 2.Nf3 d5 3.e3 Nf6 4.Nc3 e6 5.Qc2 Nbd7 6.b3 Bd6 7.Bb2 Qe7 8.Be2 O-O
9.O-O a6 10.d4 e5 11.dxe5 Nxe5 12.cxd5 cxd5 13.Rad1 Be6 14.Nd4 Qc7 15.f4 Nc6
16.Nxe6 fxe6 17.Kh1 Ne7 18.Qd3 Rad8 19.Bf3 Kh8 20.Rc1 Nc6 21.g3 Qe7 22.Rcd1 Bc5
23.Qe2 Ba7 24.Bg2 Qc5 25.e4 d4 26.Nb1 Qa5 27.a3 Qb6 28.b4 a5 29.b5 d3 30.Rxd3 Rxd3
31.Qxd3 Ng4 32.Qe2 Ne3 33.Rc1 Nxg2 34.bxc6 Ne3 35.c7 Rc8 36.Qd3 Nc4 37.Bxg7+ Kxg7
38.Qd7+ Kh6 39.Qxc8  1-0

[Event "14th Dubai Open 2012"]
[Site "Dubai UAE"]
[Date "2012.04.23"]
[Round "9.1"]
[White "Miezis,N"]
[Black "Sandipan,C"]
[Result "1/2-1/2"]
[WhiteElo "2557"]
[BlackElo "2595"]

1.c4 c6 2.e4 d5 3.exd5 cxd5 4.d4 Nf6 5.Nc3 Nc6 6.Nf3 Bg4 7.Be2 e6 8.cxd5 Nxd5
9.h3 Bh5 10.O-O Be7 11.Qb3 O-O 12.Nxd5 Qxd5 13.Qxd5 exd5 14.Be3 f5 15.Bd1 Bf6
16.Ne5 Bxd1 17.Rfxd1 Rfc8 18.Rac1 Ne7 19.Nf3 Rxc1 20.Rxc1 Rc8 21.Rxc8+ Nxc8
22.Bg5 Kf7 23.Kf1 Ne7 24.Ke2 Nc6 25.Bxf6 Kxf6 26.Ke3 h6 27.h4 g6 28.g3 Ke6
29.Ne1 Kf6 30.Nd3 g5  1/2-1/2

[Event "14th Dubai Open 2012"]
[Site "Dubai UAE"]
[Date "2012.04.23"]
[Round "9.6"]
[White "Miroshnichenko,E"]
[Black "Petrosian,TL"]
[Result "1/2-1/2"]
[WhiteElo "2624"]
[BlackElo "2643"]

1.c4 c6 2.Nf3 d5 3.e3 Nf6 4.Nc3 e6 5.b3 Bd6 6.d4 O-O 7.Bb2 Nbd7 8.Be2 b6
9.O-O Bb7 10.Qc2 Qe7 11.e4 Nxe4 12.Nxe4 dxe4 13.Qxe4 f5 14.Qh4 Qxh4 15.Nxh4 Be7
16.Nf3 c5 17.Ne5 Nxe5 18.dxe5 Rfd8 19.Rad1 Rxd1 20.Rxd1 Rd8 21.Rxd8+ Bxd8
22.f4 Bh4 23.g3 Be7 24.Bd3 Kf7 25.Kf2 h5 26.h4 g6 27.Bc3 Ke8 28.a4 a5 29.Be2 Kd7
30.Bf3  1/2-1/2

[Event "ch-ISL 2012"]
[Site "Kopavogur ISL"]
[Date "2012.04.23"]
[Round "11"]
[White "Kjartansson,G"]
[Black "Thorhallsson,T"]
[Result "1/2-1/2"]
[WhiteElo "2357"]
[BlackElo "2398"]

1.c4 c6 2.Nf3 d5 3.g3 Nf6 4.Bg2 Bg4 5.Ne5 Bf5 6.Qb3 Nbd7 7.d4 Qb6 8.Nxd7 Bxd7
9.Nc3 dxc4 10.Qxc4 Be6 11.Qa4 Rd8 12.O-O g6 13.Rd1 Bd7 14.b3 e6 15.Qc4 Be7
16.Na4 Qc7 17.Bf4 Qc8 18.Nc5 O-O 19.h3 Nh5 20.Bh6 Ng7 21.Kh2 Qc7 22.Bf4 Qc8
23.Rac1 f6 24.Bh6 Rf7 25.Rc2 Nf5 26.Bc1 Nd6 27.Qa4 Nb5 28.Nxd7 Qxd7 29.Bb2 Bf8
30.Qa5 a6 31.a4 Nc7 32.e4 f5 33.d5 exd5 34.exd5 Nxd5 35.Rxd5 cxd5 36.Rd2 Qc7
37.Qxc7 Rxc7 38.Bxd5+ Rxd5 39.Rxd5 Rc2 40.Bd4 Rd2 41.Kg2 Kf7 42.Kf3 Rd3+
43.Ke2 Rxb3 44.Rd7+ Ke6 45.Rxh7 Be7 46.Rg7 g5 47.a5 f4 48.gxf4 gxf4 49.f3 Bf8
50.Rh7 Kd5 51.Bb6 Bb4 52.h4 Rb2+ 53.Kf1 Bd2 54.Re7 Bb4 55.Rf7 Bd2 56.h5 Ke6
57.Rg7 Bc3 58.Rc7 Bb4 59.h6 Rh2 60.h7 Be7 61.Rxb7 Rxh7 62.Bc5 Rf7 63.Rb6+ Kd5
64.Bxe7 Rxe7 65.Rxa6 Kd4 66.Kf2 Rh7 67.Re6 Rh2+ 68.Kf1 Ra2 69.Re4+ Kd5 70.Rxf4 Ke5
71.Rh4 Kf5 72.Rh6 Kg5 73.Ra6 Kf4 74.Rf6+ Kg5 75.Rf8 Rxa5 76.Kg2 Kg6 77.Kg3 Ra4
78.f4 Ra1  1/2-1/2